Statistics for The NATO Alphabet Quiz

Click here to take the quiz!

General Stats

  • This quiz has been taken 886 times
  • The average score is 21 of 26

Answer Stats

HintAnswer% Correct
AAlpha
98%
BBravo
96%
CCharlie
96%
DDelta
96%
FFoxtrot
93%
EEcho
91%
HHotel
88%
IIndia
88%
LLima
87%
GGolf
85%
KKilo
84%
JJuliet
83%
TTango
79%
OOscar
77%
XX-ray
77%
NNovember
76%
RRomeo
76%
MMike
75%
PPapa
75%
QQuebec
75%
SSierra
75%
ZZulu
75%
WWhiskey
70%
YYankee
69%
UUniform
65%
VVictor
65%

Score Distribution

Percentile by Number Answered

Percent of People with Each Score

Your Score History

You have not taken this quiz